Sobre la reconstitución del pensamiento crítico /

Una reconstitución del pensamiento crítico implica una crítica del mismo. Pero no puede ser una ruptura con este pensamiento crítico, sino la elaboración de elementos de este, que han sido dejados de lado y que fueron marginados por otros. Por eso tiene que ser una crítica desde adentro, no una crít...

Description complète

Enregistré dans:
Détails bibliographiques
Auteur principal: Hinkelammert, Franz
Format: Texte
Sujets:
Tags: Ajouter un tag
Pas de tags, Soyez le premier à ajouter un tag!

MARC

LEADER 00000 a a2200000 04500
001 13294
003
040
100 |a Hinkelammert, Franz  
245 |a Sobre la reconstitución del pensamiento crítico /  |c Franz Hinkelammert 
520 |a Una reconstitución del pensamiento crítico implica una crítica del mismo. Pero no puede ser una ruptura con este pensamiento crítico, sino la elaboración de elementos de este, que han sido dejados de lado y que fueron marginados por otros. Por eso tiene que ser una crítica desde adentro, no una crítica externa. Por eso, también se trata necesariamente de una autocrítica  
650 |a FILOSOFIA  
650 |a TEORIA  
650 |a IDEOLOGIAS  
650 |a MARXISMO  
773 |g número 115; páginas 35-64  
999 |c 30318  |d 30318